000 00688nam a22001577a 4500
005 20250813090529.0
008 250813b |||||||| |||| 00| 0 eng d
050 _aTHE LB 1027.5 .W35 2006
_bC.1
100 _aWaiya, Lydia Wambui Mwangi
245 _aUniversity Students' Perceptions on the Effectiveness of Peer Counseling Programmes: A Case of Egerton University, Njoro Campus
260 _aKisii
_bKisii University
_c2006
300 _axii, 58p.:ill.
500 _aIncludes bibliographical references
650 _a1. Counseling in higher education—Kenya. 2. Peer counseling—Kenya. 3. College students—Kenya—Attitudes. 4. Educational counseling—Kenya.
942 _2lcc
_cREF
999 _c216035
_d216035